000 00866nam a22002897a 4500
001 0000589
003 KOHA_MİRAKIL
005 20260207001215.0
007 ta
008 081212b2006 tu |||gr||||#||||0|tur |
020 _a9755918531
_cYTL26,69
040 _aTR-BiSEU
_btur
_cTR-BiSEU
_erda
041 0 _atur
044 _ctu
050 _aQA76
_b.K37 2006
100 1 _aKaraca, M. Selçuk.
245 1 _aBilgisayar uzmanlığı/
_cM. Selçuk Karaca ; M. Selçuk Karaca.
264 1 _aAnkara :
_bNobel Yayın Dağıtım
_c2006
300 _aX,528 sayfa
336 _ametin
_btxt
_2rdacontent
337 _aaracısız
_bn
_2rdamedia
338 _acilt
_bnc
_2rdacarrier
490 0 _aNobel Yayın No:868 Teknik Yayınlar Dizisi:69
650 0 _aBilgisayarlar.
_92895
830 0 _aNobel Yayın No:868 Teknik Yayınlar Dizisi:69
_92896
942 _2lcc
_cBK
999 _c589
_d589